The clue of the leaning chimney (Registro nro. 86046)

Detalles MARC
000 -ENCABEZADO
Número de control [NR] 00759nam a22002057a 4500
005 - FECHA Y HORA DE LA ÚLTIMA TRANSACCIÓN
control field 20240503103023.0
008 - DE LONGITUD FIJA DE DATOS DE ELEMENTOS - INFORMACIÓN GENERAL
Elementos de longitud fija [NR] 130821s1949 xxu gr eng
040 ## - FUENTE DE CATALOGACION [NR]
Agencia de catalogación original [NR] Co-BoUCM
Idioma de catalogación [NR] spa
Quien Cataloga David Moreno (modificó)
Quien Clasifica David Moreno (modificó)
041 00 - CODIGO DE IDIOMA [R]
Código de idioma para texto/pista de sonido o título separado [R] Inglés
100 1# - ASIENTO PRINCIPAL--NOMBRE PERSONAL [NR]
Nombre personal [NR] Keene, Carolyn
ID Autoridad 149737
245 14 - MENCION DE TITULO [NR]
Título [NR] The clue of the leaning chimney
Mención de responsabilidad, etc. [NR] Carolyn Keene
260 ## - PUBLICACION, DISTRIBUCION, ETC. (PIE DE IMPRENTA) [R]
Lugar de publicación, distribución, etc. [R] Nueva York (Estados Unidos)
Nombre del editor, distribuidor, etc. [R] Grosset Dunlap
Fecha de publicación, distribución, etc. [R] 1949
300 ## - DESCRIPCION FISICA [R]
Extensión [R] 212 Páginas
500 ## - NOTA GENERAL [R]
Nota general [NR] Incluye índice
600 ## - ASIENTO SECUNDARIO DE MATERIA - NOMBRE PERSONAL [R]
Nombre personal [NR] Castro Silva
9 (RLIN) 563
650 04 - ASIENTO SECUNDARIO DE MATERIA - TERMINO TEMATICO [R]
Término temático o nombre geográfico como elemento de entrada [NR] Mujeres detectives
9 (RLIN) 12271
Subdivisión de forma [R] Ficción juvenil
Subdivisión general [R] Cuentos estadounidenses
650 04 - ASIENTO SECUNDARIO DE MATERIA - TERMINO TEMATICO [R]
Término temático o nombre geográfico como elemento de entrada [NR] Escondites
9 (RLIN) 12283
Subdivisión de forma [R] Ficción juvenil
Subdivisión general [R] Cuentos infantiles
942 ## - ELEMENTOS DE ENTRADA AGREGADOS (KOHA)
Tipo de ítem principal el descrito en 300a Libro
Tema principal Literatura
Edición 1
Parte restante de la signatura top. K26c
Título oculto en OPAC No
Sistema de clasificación DEWEY
Clasificación 813
Existencias
Signatura topográfica Código de barras Última vez visto Ejemplar Costo de reposición Price effective from Tipo de ítem Nota pública (OPAC) Perdido Sistema de clasificación Dañado No prestable Tipo de ítem específico Suprimido Ubicación habitual Ubicación actual Localización Fecha de creación Forma de adquisición
813 K26c 120001531 04/12/2025 Ej.1 26000.00 03/02/2013 Libro Galería de donantes - José Vicente Castro Silva   DEWEY     Libro   Claustro Claustro 3er piso 28/02/2003 Donación